Goswami Tulsidas' dohawali (Record no. 608)

MARC details
000 -LEADER
fixed length control field 00782 a2200181 4500
008 - FIXED-LENGTH DATA ELEMENTS--GENERAL INFORMATION
fixed length control field 080820t xxu||||| |||| 00| 0 eng d
010 ## - LIBRARY OF CONGRESS CONTROL NUMBER
LC control number ENG-84864
020 ## - INTERNATIONAL STANDARD BOOK NUMBER
International Standard Book Number 8183900100
Terms of availability 200.00
035 ## - SYSTEM CONTROL NUMBER
System control number ENG-68397
082 ## - DEWEY DECIMAL CLASSIFICATION NUMBER
Classification number 810
245 ## - TITLE STATEMENT
Title Goswami Tulsidas' dohawali
Statement of responsibility, etc compiled and translated by Ajai Kumar Chhawchharia
Remainder of title original text with complete English translation and commentaries
260 ## - PUBLICATION, DISTRIBUTION, ETC. (IMPRINT)
Place of publication, distribution, etc Delhi
Name of publisher, distributor, etc Abhishek Prakashan
Date of publication, distribution, etc 2006
270 ## - ADDRESS
Address 5824, New Chandrawal Nagar, Jawahar Nagar
City Delhi
State or province Tamil Nadu
Postal code 110007
Telephone number 9811167357
300 ## - PHYSICAL DESCRIPTION
Extent xi, 123 p.
Dimensions 22 cm. (Hb)
500 ## - GENERAL NOTE
General note Includes index
942 ## - ADDED ENTRY ELEMENTS (KOHA)
Institution code [OBSOLETE] dpl
Koha item type English Books
Call number prefix 810 / GOS
Source of classification or shelving scheme Dewey Decimal Classification
Classification part 810
Call number suffix GOS
Holdings
Withdrawn status Lost status Damaged status Not for loan Home library Current library Date acquired Cost, normal purchase price Total Checkouts Full call number Barcode Date last seen Copy number Uniform Resource Identifier Cost, replacement price Price effective from Koha item type
        D.B.Act.Division D.B.Act.Division 20/08/2008 200.00   810 GOS EN-68397 15/09/2008 1 609 200.00 15/09/2008 English Books

© Delhi Public Library
Hit Counter
free hit counter